|
|
|
|
| LEADER |
01596nam a22003374a 4500 |
| 001 |
35995 |
| 003 |
BD-DhAAL |
| 005 |
20250626121949.0 |
| 008 |
191212t2004 deua b 001 0 eng |
| 010 |
|
|
|a 2004015527
|
| 020 |
|
|
|a 087207546X
|
| 040 |
|
|
|a DLC
|c DLC
|d DLC
|d BD-DhAAL
|
| 042 |
|
|
|a pcc
|
| 050 |
0 |
0 |
|a LB1140.5.L3
|b S39 2004
|
| 082 |
0 |
0 |
|a 372.623
|2 22
|
| 100 |
1 |
|
|a Schickedanz, Judith A.,
|d 1944-
|9 38314
|
| 245 |
1 |
0 |
|a Writing in preschool :
|b learning to orchestrate meaning and marks /
|c Judith A. Schickedanz and Renée M. Casbergue.
|
| 260 |
|
|
|a Newark, DE :
|b International Reading Association,
|c c2004.
|
| 300 |
|
|
|a v, 79 pages :
|b illustrations ;
|c 24 cm.
|
| 504 |
|
|
|a Includes bibliographical references (pages 75-76) and index.
|
| 505 |
0 |
|
|a Where young children start in learning to write -- From scribble to script -- Letter strings to real words -- From short messages to longer and more coherent messages -- Time, space, materials, and a helping hand -- Home-school connections and ideas for assessment.
|
| 526 |
|
|
|a BIED
|
| 541 |
|
|
|a Complimentary copy from BIED
|e 35995
|
| 650 |
|
0 |
|a Language arts (Preschool).
|9 38315
|
| 650 |
|
0 |
|a English language
|x Composition and exercises
|x Study and teaching (Preschool).
|9 38316
|
| 650 |
|
0 |
|a Social science.
|9 38317
|
| 700 |
1 |
|
|a Casbergue, Renee Michelet.
|9 38318
|
| 852 |
|
|
|c BIED Collection
|
| 942 |
|
|
|2 ddc
|c BK
|
| 999 |
|
|
|c 42045
|d 42045
|
| 952 |
|
|
|0 0
|1 0
|2 ddc
|4 0
|6 372_623000000000000_SCH
|7 0
|9 67448
|a BRACUL
|b BRACUL
|c GEN
|d 2019-12-12
|e Complimentary copy from BIED
|l 0
|o 372.623 SCH
|p 3010035995
|r 2019-12-12
|t 1
|w 2019-12-12
|y BK
|x BIED-3082
|